Υπαίθρια διαφήμιση : [πτυχιακή εργασία]

Αποθηκεύτηκε σε:
Λεπτομέρειες βιβλιογραφικής εγγραφής
Κύριος συγγραφέας: Γιαννακούρα, Σοφία
Συγγραφή απο Οργανισμό/Αρχή: Πανεπιστήμιο Αιγαίου Σχολή Επιστημών της Διοίκησης Τμήμα Διοίκησης Επιχειρήσεων - Τ.Δ.Ε
Άλλοι συγγραφείς: Λυμπερόπουλος, Κωνσταντίνος Χ., 1946- (Εισηγητής διατριβής)
Μορφή: Thesis Βιβλίο
Γλώσσα:Greek
Δημοσίευση: 2009
Θέματα:
Διαθέσιμο Online:http://hdl.handle.net/11610/6471
Ετικέτες: Προσθήκη ετικέτας
Δεν υπάρχουν, Καταχωρήστε ετικέτα πρώτοι!

MARC

LEADER 00000cam a2200000 i 4500
001 1/10953
008 101123s2009 gre d
035 |l 10109227 
040 |a GR-MY-UA  |b gre  |e aacr 
041 0 |a gre 
082 0 |a 659.13  |2 (22) 
100 1 |a Γιαννακούρα, Σοφία. 
245 1 0 |a Υπαίθρια διαφήμιση :  |b [πτυχιακή εργασία] /  |c Γιαννακούρα Σοφία ; επιβλέπων καθηγητής Λυμπερόπουλος Κων/νος 
260 |c 2009 
300 |a 71 σ.;  |b εικ., πιν.;  |c 30 εκ. 
500 |a Δεύτερος βαθμολογητής Λαγός Δ. 
502 |a Πτυχιακή εργασία – Πανεπιστήμιο Αιγαίου, Χίος, 2009. 
504 |a Περιλαμβάνει βιβλιογραφία 
650 0 0 |a Advertising. 
650 0 0 |a Advertising, Outdoor. 
650 0 0 |a Billboards. 
650 0 0 |a Posters. 
650 0 0 |a Sales promotion. 
650 0 0 |a Product demonstrations. 
650 0 0 |a Television advertising. 
650 0 0 |a Signs and signboards. 
650 0 0 |a Dissertations, Academic  |z Greece. 
700 1 |a Λυμπερόπουλος, Κωνσταντίνος Χ.,   |d 1946-  |4 ths 
710 1 |a Πανεπιστήμιο Αιγαίου  |b Σχολή Επιστημών της Διοίκησης  |b Τμήμα Διοίκησης Επιχειρήσεων - Τ.Δ.Ε. 
852 |a INST  |b CHIOS  |c DIATR  |e 20101123  |h 659.13 ΓΙΑ  |p 005200032541  |q 005200032541  |t DIE  |y 23 
852 |a INST  |b CHIOS  |c DIATR  |e 20101123  |h 659.13 ΓΙΑ  |p 005200032542  |q 005200032542  |t DIE  |y 23 
856 |u http://hdl.handle.net/11610/6471 
901 |a BIBL2-2010-3 
909 |a Χ  |b 149191 
909 |a Χ  |b 149192 
924 |a ΓΙΑΝΝΑΚΟΥΡΑ  |b ΣΟΦΙΑ  |y ΧΙΟΣ  |z 2009-11 
970 |a ΠΑΡΟΙΚΑΚΗ  |b ΒΑΣΙΛΙΚΗ  |z 2010/11/23